00731nam a2200217Ia 450000500170000000800410001702000110005804000190006904100120008808200160010010000160011624501110013226000390024330000200028250400500030265000260035285000100037894200070038899900160039595201020041120221119145646.0131103s9999 xx 000 0 und d cRs.320 aLoreto College aEnglish a954.03bOMV aOmvedt,Gail aDalits and the democratic revolutionb Dr. Ambedkar and the Dalit movement in colonial India cGail Omvedt aNew DelhibSage Publicationsc1994 a348 p.b tables aIncludes index and bibliographical references aModern Indian History aLCLIB cBK c9867d60346 00102ddc4070aMAINbMAINd2013-11-04l0o954.03 OMV 43245pB9745r2013-11-04w2013-11-04yBKf